00477nam a2200169Ia 4500003000400000008004100004040001600045082001700061100001700078245005000095700002100145700002000166260003400186300001000220650003700230650004000267GCL140319s9999 xx 000 0 eng d aGCL / cGCL04a370.733bC G1 aCOHEN, LOUIS10aA GUIDE TO TEACHING PRACTICE / cCOHEN, LOUIS1 aMANION, LAWRENCE1 aMARRISON, KEITH a[S.N] : bROUTLEDGE ، c1996 a494 P04aGREAT BRITIAN - STUDENT TEACHING04aTEACHERS - TRAINING - GREAT BRITIAN